000 00471nam a2200169Ia 4500
003 LK-CoDNM
008 010623t xxu||||| |||| 00| 1 sin d
040 _aLK-CoDNM
_dLK-CoDNM
_eLK-CoDNM
041 _asin
080 _a294.32 IND
100 _aIndrarathana Thero,Hathtotuwe.
245 _aඅටපිරිකර දානානිසංසය
246 _aAta Pirikara Danani Sansaya
260 _bBuddhist Cultural Center
300 _b51p., 21 cm
942 _cBK
999 _c136976
_d136976